00810 2200301 4500001002100000005001500021035002000036007000300056040001700059100002900076245006400105250001000169300003800179020001800217041000800235082001100243084001700254090001900271264003500290336002100325337003000346338002300376650001100399850001000410008004100420500002900461990001800490INLIS00000000000490320260516105554 a0010-0122000535ta aSBPUPADbind0 aAkhmad SangidePengarang1 aDahsyatnya Sedekah Sukses Hidup dan Berkah /cAkhmad Sangid aCet.1 axii, 226 hal. :bilus. ;c14x20cm a979-017-054-80 aind a2x4.25 a2x4.35 AKH d a327 WAN s 2-18 aJakarta :bQultum Media,c2008 2rdacontentaTeks 2rdamediaaTanpa Perantara 2rdacarrieraVolume 4aibadah aPUPAD260516 0  aprofil penulis: hlm, 224 a11500/BR/2009